000 01088nam a2200277 i 4500
001 106805
003 ES-MaACL
005 20251216165939.0
007 t|
008 061228s1964 sp ||||1| spa d
080 _a75 Miró, Joan (083.82)
100 1 _aMiró, Joan.
_981604
245 1 0 _aMiró
_b: [exposición, Sala de la Cacharrería del Ateneo de Madrid, marzo de 1964] /
_c[Texto: Carlos-Antonio Areán].
260 _a[Madrid] :
_bPublicaciones Españolas,
_c[1964]
300 _a[22] p. :
_bprincipalmente il. ;
_c28 cm.
490 1 _aCuadernos de arte. Colección ordinaria ;
_v152
600 0 4 _aMiró, Joan,
_d1893-1983-
_vExposiciones
_981605
610 2 7 _aAteneo de Madrid-
_vExposiciones-
_y1960-1969.
_91920
655 7 _2tgfbne
_9193628
_aCatálogos de exposiciones
700 1 _aAreán, Carlos,
_d1921-1996
_922562
710 2 _aAteneo de Madrid.
_bSala de la Cacharrería.
_91963
830 0 _aCuadernos de arte. Colección ordinaria
_v152
_9180064
852 _aES-MaACL
_j2209-F-55
_9110863
_bR.138504
_cDEPOF
942 _2udc
_cFOLLETOS
999 _c106805
_d106805